[Event "TCh-Belgrade Premier 2012"]
[Site "Belgrade SRB"]
[Date "2012.10.05"]
[Round "5.5"]
[White "Ugrcic,Z"]
[Black "Mrsa,F"]
[Result "0-1"]
[WhiteElo "2056"]
[BlackElo "2174"]

1.Nf3 d6 2.d4 Nf6 3.c4 g6 4.g3 Bg7 5.Bg2 O-O 6.O-O c6 7.Nc3 Qa5 8.Bg5 h6
9.Bxf6 exf6 10.d5 c5 11.Qd2 f5 12.Nb5 Qb6 13.a4 a6 14.a5 Qd8 15.Nc3 Nd7 16.e4 fxe4
17.Nxe4 Nf6 18.Rfe1 Nxe4 19.Rxe4 b5 20.axb6 Qxb6 21.Re2 a5 22.Ne1 a4 23.Nd3 Bg4
24.Ree1 Rfb8 25.Qf4 Bf5 26.Be4 Bd7 27.Re2 Rf8 28.h4 h5 29.Kg2 Qc7 30.Rae1 Rae8
31.Bf3 Rxe2 32.Rxe2 Bf5 33.Be4 Bc8 34.Qg5 Qd8 35.Qd2 Bg4 36.Bf3 Bxf3+ 37.Kxf3 Qd7
38.Qg5 Rb8 39.Re7 Qg4+ 40.Qxg4 hxg4+ 41.Ke3 Bxb2 42.Nxb2 Rxb2 43.Ra7 Rb3+
44.Kd2 a3 45.Ra6 Rf3 46.Ke2 Rc3 47.Rxd6 Rxc4 48.Ra6 Re4+ 49.Kd3 Rd4+ 50.Ke3 Rxd5
51.Rxa3 Re5+ 52.Kd2 Kg7 53.Ra4 f5 54.Kd3 g5 55.hxg5 Kg6 56.Ra8 Kxg5 57.Rc8 Kf6
58.Rc6+ Kf7 59.Rh6 Ke7  0-1

[Event "3rd Copa Latino-Americana"]
[Site "Cali COL"]
[Date "2012.10.06"]
[Round "5.9"]
[White "Leiva,G"]
[Black "Nunez V,D"]
[Result "1-0"]
[WhiteElo "2321"]
[BlackElo "2211"]

1.Nf3 Nf6 2.c4 g6 3.d4 Bg7 4.g3 O-O 5.Bg2 d6 6.O-O Nbd7 7.Nc3 e5 8.h3 c6
9.e4 exd4 10.Nxd4 Qa5 11.Nde2 Nb6 12.b3 Rd8 13.Bd2 Qe5 14.Re1 Qe7 15.Be3 Be6
16.Nd4 Nfd7 17.Qc2 c5 18.Nde2 Ne5 19.Rad1 Nc6 20.Qd2 Qf8 21.Kh2 Rd7 22.Nf4 Nd4
23.Nce2 Nxe2 24.Rxe2 Rad8 25.Qc2 Nc8 26.a3 Ne7 27.Red2 Qe8 28.b4 b6 29.Nxe6 fxe6
30.Qa4 cxb4 31.axb4 Rc7 32.Qb3 Nc8 33.c5 bxc5 34.bxc5 Rcd7 35.Bg5  1-0

[Event "1st OCF FIDE Fall Open"]
[Site "Stillwater USA"]
[Date "2012.10.07"]
[Round "4.1"]
[White "Amburn,T"]
[Black "Li,Ruifeng"]
[Result "1/2-1/2"]
[WhiteElo "2140"]
[BlackElo "2066"]

1.Nf3 g6 2.c4 Bg7 3.d4 d6 4.g3 Nf6 5.Bg2 O-O 6.O-O Nbd7 7.Nc3 e5 8.Qc2 Qe7
9.Rd1 Nb6 10.e4 Nxc4 11.b3 Nb6 12.dxe5 dxe5 13.a4 Bg4 14.a5 Nbd7 15.Nb5 c5
16.Be3 Rfc8 17.Nd6 Rc7 18.h3 Be6 19.Ng5 Ne8 20.Nxe6 Qxe6 21.Nb5 Rc6 22.Bf1 a6
23.Nc3 Nd6 24.Nd5 Re8 25.Kh2 f5 26.f3 Kh8 27.Rac1 Nb5 28.Bc4 Na3 29.Qe2 Nxc4
30.bxc4 Bf8 31.Qf2 Rec8 32.Rd2 b5 33.axb6 Nxb6 34.Nxb6 Rxb6 35.Rd5 Rcb8 36.Rc2  1/2-1/2

[Event "US Chess League 2012"]
[Site "ICC INT"]
[Date "2012.10.11"]
[Round "6"]
[White "Martirosov,V"]
[Black "Abrahamyan,T"]
[Result "1-0"]
[WhiteElo "2233"]
[BlackElo "2303"]

1.d4 Nf6 2.Nf3 g6 3.c4 Bg7 4.g3 O-O 5.Bg2 d6 6.O-O Nc6 7.Nc3 a6 8.Qd3 Bf5
9.e4 Bg4 10.Be3 Nd7 11.Ne1 e5 12.d5 Nd4 13.f3 Nc5 14.Qd1 Bc8 15.Nc2 Nxc2
16.Qxc2 a5 17.a3 Bd7 18.b4 axb4 19.axb4 Na6 20.Rab1 f5 21.c5 Rf7 22.c6 bxc6
23.dxc6 Be6 24.Rfd1 Qf8 25.Nd5 Bh6 26.Bxh6 Qxh6 27.Qd2 Qxd2 28.Rxd2 Bxd5
29.exd5 Rb8 30.Rdb2 Rb6 31.Bf1 e4 32.f4 Re7 33.Bxa6 Rxa6 34.b5 Rb6 35.Ra1 e3
36.Kf1 Rb8 37.Ra7 Kf7 38.Ke2 Ke8 39.Rb7 Ra8 40.b6 cxb6 41.Rxe7+ Kxe7 42.Rxb6 Ra5
43.Rb7+ Kf6 44.Rb8 Rc5 45.Rd8 Rc2+ 46.Kxe3 Ke7 47.Rd7+ Ke8 48.Rxd6  1-0

[Event "17th European Club Cup w"]
[Site "Eilat ISR"]
[Date "2012.10.14"]
[Round "4.3"]
[White "Koneru,H"]
[Black "Borsuk,A"]
[Result "1-0"]
[WhiteElo "2607"]
[BlackElo "2260"]

1.d4 Nf6 2.c4 d6 3.Nf3 g6 4.g3 Bg7 5.Bg2 O-O 6.O-O a6 7.Nc3 Nc6 8.Qc2 Bg4
9.Rd1 Nd7 10.Be3 Bxf3 11.Bxf3 e5 12.dxe5 Ndxe5 13.Bd5 Ng4 14.Bd2 Re8 15.h3 Nge5
16.Qc1 Qc8 17.Kg2 Ne7 18.b3 Nxd5 19.Nxd5 Rb8 20.Bc3 c6 21.Ne3 Qe6 22.Qb2 f6
23.Rd2 b5 24.Rad1 Bf8 25.Bb4 Red8 26.Ba5 Rdc8 27.Bc3 Nd7 28.Qc2 Nc5 29.Ng4 Be7
30.Bxf6 Bf8 31.Ba1 Qe4+ 32.Qxe4 Nxe4 33.Rd4 Ng5 34.Nf6+ Kf7 35.Nd7  1-0

[Event "34th Arco Open"]
[Site "Arco ITA"]
[Date "2012.10.15"]
[Round "3"]
[White "Drasko,M"]
[Black "Ager,J"]
[Result "1/2-1/2"]
[WhiteElo "2471"]
[BlackElo "2193"]

1.Nf3 Nf6 2.g3 g6 3.d4 Bg7 4.c4 O-O 5.Bg2 d6 6.O-O Nc6 7.Nc3 a6 8.d5 Na5
9.b3 Rb8 10.Bd2 c5 11.dxc6 Nxc6 12.Rc1 Bf5 13.Bg5 Ne4 14.Nxe4 Bxe4 15.Qd2 Re8
16.h4 Qc7 17.h5 Rbd8 18.Bh6 Qa5 19.Qxa5 Nxa5 20.Bxg7 Kxg7 21.hxg6 hxg6 22.Ng5 Bxg2
23.Kxg2 Nc6 24.f4 Rh8 25.Rh1 Rc8 26.Kf2 f6 27.Rxh8 Rxh8 28.Nf3 Kf7 29.a3 a5
30.e4 Ke6 31.Rd1 Kf7 32.Kg2 Rh5 33.Rd5 Rxd5 34.cxd5 Nb8 35.Nd4 Na6 36.Kf3 Nc5
37.Ke3 e5 38.dxe6+ Nxe6 39.Nb5 Ke7 40.b4 axb4 41.axb4 f5 42.Kf3 Nd8 43.Nc3 Nc6
44.Nd5+ Ke6 45.Ke3 Na7 46.Kd3 Nb5 47.Ne3 fxe4+ 48.Kxe4 Nc3+ 49.Kd3 Nb5 50.g4 d5
51.Nc2 Nd6 52.Nd4+ Kf6 53.Nf3 Nb5 54.Nd4 Nd6 55.Nf3  1/2-1/2

[Event "NIT Nagpur GM Open 2012"]
[Site "Nagpur IND"]
[Date "2012.10.22"]
[Round "10.5"]
[White "Mohota,N"]
[Black "Petrosian,DG"]
[Result "1-0"]
[WhiteElo "2323"]
[BlackElo "2459"]

1.d4 Nf6 2.c4 g6 3.g3 Bg7 4.Bg2 O-O 5.Nf3 d6 6.O-O c5 7.Nc3 Nc6 8.dxc5 dxc5
9.Be3 Qa5 10.Qa4 Qxa4 11.Nxa4 b6 12.Nc3 Bd7 13.Rad1 Rac8 14.Bg5 Be6 15.Nd5 Rfd8
16.Bxf6 exf6 17.Rd2 Kf8 18.Rfd1 h6 19.b3 f5 20.e3 Rd7 21.Nf4 Rxd2 22.Rxd2 Ke7
23.Ne1 Nb4 24.a3 Nc6 25.Kf1 Na5 26.Rd3 b5 27.Nd5+ Bxd5 28.Bxd5 bxc4 29.Bxc4 Nxc4
30.bxc4 Rb8 31.Rd5 Rb3 32.Rxc5 Rxa3 33.Rc7+ Kd6 34.Rxf7 Bc3 35.Nd3 a5 36.Ra7 Bb4
37.Ra6+ Kc7 38.Ke2 g5 39.Rxh6 Ra2+ 40.Kf3 Rd2 41.Nxb4 g4+ 42.Kg2 axb4 43.Rf6 b3
44.Rxf5 Rd8 45.Rc5+  1-0

[Event "Magistral La Razon 2012"]
[Site "Villa Martelli ARG"]
[Date "2012.10.23"]
[Round "1.1"]
[White "Molina,Rob"]
[Black "Della Morte,G"]
[Result "1/2-1/2"]
[WhiteElo "2400"]
[BlackElo "2346"]

1.d4 Nf6 2.c4 g6 3.Nf3 Bg7 4.g3 O-O 5.Bg2 d6 6.O-O Nc6 7.Nc3 a6 8.h3 Rb8
9.e4 b5 10.e5 dxe5 11.dxe5 Qxd1 12.Rxd1 Nd7 13.e6 fxe6 14.cxb5 axb5 15.Bf4 Nde5
16.Nxe5 Nxe5 17.Rac1 c5 18.Ne4 c4 19.Nc5 Rb6 20.b3 cxb3 21.axb3 Rd6 22.Re1 Nd3
23.Nxd3 Rxd3 24.Rc7 Rc3 25.Rc1 b4 26.R1xc3 bxc3 27.Bf1 Bd4 28.b4 e5 29.Be3 Be6
30.b5 Rb8 31.h4 Bb3 32.Bd3 Ra8 33.Be4 Rb8 34.b6 Rxb6 35.Rxc3 Bxc3 36.Bxb6 Bd4
37.Ba5  1/2-1/2

[Event "4th Marcel Duchamp Open"]
[Site "Buenos Aires ARG"]
[Date "2012.10.25"]
[Round "4.25"]
[White "Gomez Camacho,Lilen"]
[Black "Martyniuk,C"]
[Result "0-1"]
[WhiteElo "1542"]
[BlackElo "1946"]

1.d4 Nf6 2.Nf3 g6 3.c4 Bg7 4.g3 d6 5.Bg2 O-O 6.Nc3 Nbd7 7.O-O e5 8.e4 exd4
9.Nxd4 Re8 10.h3 Nc5 11.Re1 c6 12.Bf4 Nh5 13.Be3 Nf6 14.Bf4 Qb6 15.Qd2 Ne6
16.Nxe6 Bxe6 17.b3 d5 18.exd5 cxd5 19.cxd5 Red8 20.Rac1 Qb4 21.Red1 Rac8
22.g4 Nxg4 23.hxg4 Bxc3 24.Qe3 Bxg4 25.Rd3 Bf6 26.d6 Rxc1+ 27.Qxc1 Bf5 28.Rd1 Bg5
29.Re1 h5 30.Qe3 a5 31.Bd5 Bd7 32.Qc1 Rc8 33.Qd2 Qb5 34.Re4 Bf5 35.Rc4 Rd8
36.Rc7 Rd7 37.Qe3 Rxc7 38.Qe8+  0-1

[Event "39th ch-IND Premier w 2012"]
[Site "Jalgaon IND"]
[Date "2012.10.26"]
[Round "3.10"]
[White "Salini,R"]
[Black "Divyasri,C"]
[Result "1/2-1/2"]
[WhiteElo "1858"]
[BlackElo "2160"]

1.d4 Nf6 2.c4 g6 3.g3 Bg7 4.Bg2 O-O 5.Nf3 d6 6.b3 c5 7.Bb2 Nc6 8.O-O cxd4
9.Nxd4 Bd7 10.e4 Qc8 11.Re1 Bh3 12.Nxc6 bxc6 13.e5 dxe5 14.Bxe5 Bg4 15.Bf3 Qf5
16.Kg2 Qh5 17.Bc3 e5 18.Bxg4 Qxg4 19.Bxe5 Rfe8 20.Nc3 Qf5 21.Bxf6 Bxf6 22.Rc1 Bg5
23.Rxe8+ Rxe8 24.Ra1 Rd8 25.Qe2 Qf6 26.Rd1 Rxd1 27.Nxd1 Qd4 28.Ne3 h5 29.h4 Bh6
30.Qf3 Qd2 31.a4 Qd6 32.Nd1 Qb4 33.Qd3 Qe7 34.Ne3 Bg7 35.Nf1 c5 36.Ne3 Bd4
37.Nc2 Bg7 38.Ne3 Bd4 39.Nc2 Bg7 40.Ne3 Bd4 41.Qxd4  1/2-1/2

[Event "4th Marcel Duchamp Open"]
[Site "Buenos Aires ARG"]
[Date "2012.10.28"]
[Round "6.24"]
[White "Di Diego,O"]
[Black "Benedetti,A"]
[Result "0-1"]
[WhiteElo "1885"]
[BlackElo "1995"]

1.Nf3 Nf6 2.g3 g6 3.Bg2 Bg7 4.d4 d6 5.c4 O-O 6.O-O Nc6 7.Nc3 e5 8.e4 Bg4
9.d5 Nd4 10.h3 Nxf3+ 11.Bxf3 Bxh3 12.Re1 Ne8 13.Kh2 Bd7 14.Rh1 f5 15.exf5 gxf5
16.Kg2 Nf6 17.Bg5 Be8 18.Bh5 Bxh5 19.Rxh5 Qe8 20.Rh3 Qg6 21.Qd2 f4 22.Bxf6 Rxf6
23.Re1 Raf8 24.Ne4 Rf5 25.Rd1 f3+ 26.Kh2 Rh5  0-1

[Event "TCh-SVK Extraliga 2012-13"]
[Site "Slovakia SVK"]
[Date "2012.10.28"]
[Round "2.3"]
[White "Lahner,J"]
[Black "Tibensky,R"]
[Result "1/2-1/2"]
[WhiteElo "2291"]
[BlackElo "2396"]

1.d4 g6 2.c4 Bg7 3.Nf3 d6 4.g3 Nf6 5.Bg2 O-O 6.O-O c6 7.Nc3 Qa5 8.d5 Qb4
9.Nd2 Bd7 10.a3 Qb6 11.h3 cxd5 12.cxd5 Rc8 13.Nb3 Qa6 14.Nd4 Be8 15.Be3 Nbd7
16.Qd2 Nc5 17.b4 Na4 18.Rfc1 Nxc3 19.Rxc3 Rxc3 20.Qxc3 Bd7 21.Rc1 h5 22.Qb3 Ne8
23.Kh2 Bf6 24.Be4 Bxd4 25.Bxd4 Qxe2 26.Bf3 Ba4 27.Qc3 Qb5 28.Qe3 Qd7 29.Bxh5 Nf6
30.Bf3 Kh7 31.Bxa7 Bb3 32.Bd4 Ba2 33.Rc2 Bb1 34.Rc1 Ba2 35.Re1 Nxd5 36.Qg5 e5
37.Bxd5 Bxd5 38.Be3 Qe6 39.Qh4+ Kg7 40.Bh6+ Kg8 41.Bg5 Qf5 42.g4 Qf3 43.Qg3 f5
44.Be7 Qxg3+  1/2-1/2

[Event "16th OIBM 2012"]
[Site "Bad Wiessee GER"]
[Date "2012.10.30"]
[Round "4.25"]
[White "Hansch,T"]
[Black "Weber,U"]
[Result "0-1"]
[WhiteElo "2067"]
[BlackElo "2420"]

1.d4 Nf6 2.c4 g6 3.g3 Bg7 4.Bg2 O-O 5.Nf3 d6 6.O-O Nbd7 7.Nc3 e5 8.e4 exd4
9.Nxd4 Re8 10.Re1 a6 11.h3 Rb8 12.Rb1 Ne5 13.b3 Bd7 14.Qc2 c5 15.Nde2 b5
16.cxb5 axb5 17.Bg5 Qc8 18.Kh2 b4 19.Nd1 Bxh3 20.Ne3 Nfg4+ 21.Nxg4 Qxg4  0-1

[Event "7th Kavalier Open"]
[Site "Vienna AUT"]
[Date "2012.11.01"]
[Round "7.2"]
[White "Kilgus,G"]
[Black "Steinert,Mart"]
[Result "1/2-1/2"]
[WhiteElo "2400"]
[BlackElo "2094"]

1.d4 Nf6 2.c4 g6 3.g3 Bg7 4.Bg2 O-O 5.Nf3 d6 6.O-O Nbd7 7.Nc3 c5 8.d5 Ng4
9.Nd2 Nb6 10.Qc2 e5 11.h3 Nh6 12.e3 f5 13.f4 Nf7 14.b3 Bd7 15.Bb2 Nc8 16.e4 Ne7
17.Nf3 fxe4 18.Nxe4 Nf5 19.Rae1 Nd4 20.Nxd4 exd4 21.h4 Bf5 22.Qd1 Qd7 23.Nf2 Nh6  1/2-1/2

[Event "TCh-CZE Extraliga 2012-13"]
[Site "Czech Republic CZE"]
[Date "2012.11.03"]
[Round "1.5"]
[White "Jirovsky,M"]
[Black "Hausner,I"]
[Result "1-0"]
[WhiteElo "2453"]
[BlackElo "2407"]

1.c4 g6 2.Nf3 Bg7 3.d4 Nf6 4.g3 O-O 5.Bg2 d6 6.O-O Nbd7 7.Qc2 e5 8.Rd1 Re8
9.Nc3 c6 10.e4 a5 11.h3 a4 12.Be3 Qa5 13.d5 Qb4 14.a3 Qxc4 15.Bf1 Qb3 16.Qxb3 axb3
17.dxc6 Nc5 18.Bxc5 dxc5 19.Bb5 Rf8 20.a4 bxc6 21.Bxc6 Rb8 22.Nd5 Ba6 23.Nxf6+ Bxf6
24.Rd6 Bd8 25.Bd5 Be2 26.Kg2 Ba5 27.Rd7 Rfd8 28.Rxd8+ Rxd8 29.Nxe5 c4 30.Bxc4 Bc7
31.Bxe2 Bxe5 32.Rd1 Rxd1 33.Bxd1 Bxb2 34.Bxb3 Bc3 35.f4 Kf8 36.e5 h5 37.Kf3 Ke7
38.Ke4 f6 39.exf6+ Kxf6 40.g4 g5 41.f5 h4 42.Kd5  1-0

[Event "TCh-NOR Eliteserien 2012-13"]
[Site "Haraldsheim NOR"]
[Date "2012.11.03"]
[Round "2"]
[White "Kveinys,A"]
[Black "Bae,T"]
[Result "1/2-1/2"]
[WhiteElo "2526"]
[BlackElo "2442"]

1.d4 Nf6 2.Nf3 g6 3.c4 Bg7 4.g3 O-O 5.Bg2 d6 6.O-O Nc6 7.Nc3 a6 8.Qd3 b5
9.cxb5 Nb4 10.Qd1 axb5 11.Qb3 c5 12.dxc5 dxc5 13.Ng5 Ra5 14.Rd1 Qb6 15.a3 Nc6
16.Be3 Ng4 17.Nd5 Qa7 18.Rac1 Nxe3 19.Qxe3 c4 20.Qxa7 Rxa7 21.Nc3 Nd4 22.e3 Nb3
23.Rc2 Bf5 24.Be4 Bxe4  1/2-1/2

[Event "TCh-CZE Extraliga 2012-13"]
[Site "Czech Republic CZE"]
[Date "2012.11.04"]
[Round "2.8"]
[White "Rosko,L"]
[Black "Znamenacek,K"]
[Result "1/2-1/2"]
[WhiteElo "2311"]
[BlackElo "2296"]

1.d4 Nf6 2.Nf3 g6 3.c4 Bg7 4.g3 O-O 5.Bg2 d6 6.O-O Nc6 7.Nc3 Bf5 8.d5 Na5
9.Nd2 c5 10.e4 Bd7 11.a3 Rc8 12.Rb1 Ne8 13.Qc2 a6 14.b3 b5 15.Bb2 e5 16.Ne2 f5
17.f4 Qe7 18.Bc3 Nb7 19.Rbe1 Nf6 20.fxe5 dxe5 21.exf5 gxf5 22.Nf4 e4 23.Nf3 Ng4
24.Bh3 Nd6 25.Bxg4 fxg4 26.Nd2  1/2-1/2

[Event "Subzonal 2.3 2012"]
[Site "Pamplona COL"]
[Date "2012.11.06"]
[Round "3.21"]
[White "Martinez Arroyo,L"]
[Black "Contreras,H"]
[Result "0-1"]
[WhiteElo "1843"]
[BlackElo "2211"]

1.d4 Nf6 2.Nf3 g6 3.c4 Bg7 4.g3 O-O 5.Bg2 d6 6.O-O c6 7.Nc3 Qa5 8.Re1 Be6
9.Nd2 Qa6 10.b3 d5 11.Na4 Nfd7 12.cxd5 cxd5 13.e3 b5 14.Nc3 Qb7 15.Bb2 b4
16.Na4 Na6 17.Rc1 Rac8 18.Qe2 Rfd8 19.Bf1 Nc7 20.Nc5 Nxc5 21.Rxc5 a6 22.Nf3 Bd7
23.Qd2 e6 24.Rec1 Bf8 25.Ne5 Bb5 26.Qxb4 Bxc5 27.dxc5 d4 28.Bg2 Qb8 29.exd4 Nd5
30.Qd2 Qc7 31.Qh6 f6 32.Ng4 Rf8 33.Re1 Qf7 34.Ba3 Bc6 35.Qd2 Qd7 36.h4 h5
37.Nh2 Kf7 38.Bh3 Rce8 39.Bb2 Rg8 40.Qe2 Nc7 41.Nf3 Bd5 42.Qd3 Qc6 43.Bg2 Kg7
44.Bc1 Rh8 45.Qe3 Rd8 46.Qf4 Rde8 47.g4 hxg4 48.Qxg4 Rh5 49.Bf4 Rf5 50.Re3 Rh8
51.Qg3 Ne8 52.Bh3 Rfh5 53.Bg4 R5h7 54.h5 g5 55.Bxg5 fxg5 56.Qe5+ Kf8 57.Nxg5 Rg7
58.Rg3 Rh6 59.Bf3 Rf6 60.Bg4 Qc7 61.Qe3 Qf4 62.Qxf4 Rxf4  0-1

[Event "WY BU18 2012"]
[Site "Maribor SLO"]
[Date "2012.11.08"]
[Round "1.23"]
[White "Mejak,Severin"]
[Black "Ferreira,Jor1"]
[Result "0-1"]
[WhiteElo "2071"]
[BlackElo "2402"]

1.d4 Nf6 2.c4 g6 3.Nf3 Bg7 4.g3 O-O 5.Bg2 d6 6.O-O c5 7.b3 Nc6 8.Bb2 Ne4
9.e3 Bg4 10.Qc1 Bxf3 11.Bxf3 Ng5 12.Bxc6 bxc6 13.dxc5 Bxb2 14.Qxb2 dxc5 15.h4 Ne4
16.Qe5 Qd3 17.Kg2 Rad8 18.Qb2 Rd6 19.Re1 Rfd8 20.f3 Nf6 21.Nc3 Qf5 22.Rad1 Qe5
23.Qc2 Kg7 24.e4 Nh5 25.Ne2 Kg8 26.Qc3 Qe6 27.Qc2 Qd7 28.Nc3 Rd4 29.Rxd4 cxd4
30.Na4 Qc7 31.Qf2 Qe5 32.Rd1 Ng7 33.Nb2 Ne6 34.Nd3 Qd6 35.b4 Qb8 36.a4 a5
37.b5 Qd6 38.Qb2 Nc5 39.Qa3 Nxe4 40.Qxd6 Nxd6 41.Ne5 c5 42.Nc6 Rd7 43.Nxa5 Ra7
44.Nb3 Rxa4 45.Rc1 Nxc4 46.Nxc5 Ne3+ 47.Kf2 Ra2+ 48.Ke1 Rb2 49.Nd3 Rxb5 50.Rc8+ Kg7
51.Rd8 Ra5 52.f4 Ra2 53.Ne5 Nf5 54.g4 Nxh4 55.Nc6 Ng2+ 56.Kf1 Ne3+ 57.Ke1 Ng2+
58.Kd1 Nxf4 59.Rxd4 Ne6 60.Rb4  0-1

[Event "WY BU18 2012"]
[Site "Maribor SLO"]
[Date "2012.11.09"]
[Round "2.18"]
[White "Leiva,G"]
[Black "Torres Rosas,L"]
[Result "0-1"]
[WhiteElo "2378"]
[BlackElo "2243"]

1.d4 Nf6 2.Nf3 g6 3.c4 Bg7 4.g3 O-O 5.Bg2 d6 6.O-O Nc6 7.Nc3 Bg4 8.h3 Bxf3
9.Bxf3 Nd7 10.e3 e5 11.d5 Ne7 12.e4 f5 13.h4 Nf6 14.Kg2 Qd7 15.Bg5 Rf7 16.h5 gxh5
17.exf5 Qxf5 18.Bxf6 Bxf6 19.Bxh5 Rg7 20.Qe2 Rf8 21.Ne4 Ng6 22.Bxg6 Qxg6
23.Rh1 Be7 24.Rh3 Rf4 25.f3 h5 26.Kh2 Rf5 27.Rg1 Qf7 28.Rf1 Kf8 29.Kg2 h4
30.g4 Rf4 31.Rf2 Qg6 32.Kf1 Rgf7 33.Qc2 Kg7 34.Ke2 Rf8 35.Qd3 a6 36.b4 c6
37.Rh1 Qf7 38.Rhf1 b5 39.dxc6 bxc4 40.Qc3 Rc8 41.Rh1 Qe6 42.Rfh2 Rxc6 43.Ng3 Rxg4
44.fxg4 Qxg4+ 45.Kf1 hxg3 46.Rh7+ Kf8 47.Rh8+ Kf7 48.Kg2 Ke6 49.Qc2 c3 50.R8h7 Bf6
51.R7h6 Qg5 52.Qb3+ d5 53.Rd1 Rc4 54.Qa4 Qxh6 55.Qe8+ Be7 56.Qg8+ Kf6 57.Rf1+ Rf4
58.Rh1 Rf2+ 59.Kxg3 Qe3+ 60.Kh4 Rf4+  0-1

[Event "WY GU16 2012"]
[Site "Maribor SLO"]
[Date "2012.11.09"]
[Round "2.29"]
[White "Khademalsharieh,S"]
[Black "Torres Rosas,R"]
[Result "1-0"]
[WhiteElo "2303"]
[BlackElo "1807"]

1.d4 Nf6 2.Nf3 g6 3.c4 Bg7 4.g3 O-O 5.Bg2 d6 6.O-O Nc6 7.Nc3 a6 8.Re1 Na5
9.Qd3 c5 10.d5 Rb8 11.Rb1 b5 12.b3 Bd7 13.e4 b4 14.Nd1 Qb6 15.Ne3 Nb7 16.h3 Kh8
17.e5 Ng8 18.Bb2 a5 19.Rbd1 h6 20.Qb1 a4 21.Re2 axb3 22.axb3 Qc7 23.e6 Be8
24.exf7 Bxf7 25.Nh4 Bxb2 26.Rxb2 Qd7 27.Nxg6+ Bxg6 28.Qxg6 Rf6 29.Qe4 Rbf8
30.Ra1 Nd8 31.Rba2 Qe8 32.Bf1 Qf7 33.Ng4 Rf3 34.Qc2 h5 35.Ne3 Qg7 36.Qb2 R8f6
37.Qc2 Qf7 38.Qe2 Rg6 39.Bg2 Rff6 40.Ra8 Qe8 41.h4 Rf8 42.R1a7 Rgf6 43.Nd1 Qg6
44.Rd7 Qe8 45.Raxd8 Qxd8 46.Rxd8 Rxd8  1-0

[Event "WY GU18 2012"]
[Site "Maribor SLO"]
[Date "2012.11.09"]
[Round "2"]
[White "Arabidze,M"]
[Black "Ibrahimova,S"]
[Result "1/2-1/2"]
[WhiteElo "2391"]
[BlackElo "2118"]

1.d4 Nf6 2.c4 g6 3.Nf3 Bg7 4.g3 d6 5.Bg2 O-O 6.O-O Nc6 7.Nc3 a6 8.e3 Rb8
9.Qe2 b5 10.Rd1 b4 11.Nd5 Nxd5 12.cxd5 Na7 13.e4 c6 14.dxc6 Nxc6 15.d5 Na7
16.Nd4 Bd7 17.Be3 Nb5 18.Nc6 Bxc6 19.dxc6 Rc8 20.Qd2 Rxc6 21.Qxb4 Rc2 22.Rd2 Qc7
23.a4 Rc4 24.Qb3 Nd4 25.Bxd4 Rxd4 26.Rc2  1/2-1/2

[Event "WY GU18 2012"]
[Site "Maribor SLO"]
[Date "2012.11.09"]
[Round "2"]
[White "Aranaz Murillo,A"]
[Black "Revo,T"]
[Result "1-0"]
[WhiteElo "2244"]
[BlackElo "2072"]

1.Nf3 Nf6 2.c4 g6 3.g3 Bg7 4.Bg2 d6 5.d4 O-O 6.O-O Nc6 7.Nc3 a6 8.d5 Na5
9.b3 Rb8 10.Bg5 c5 11.dxc6 Nxc6 12.Qd2 Bf5 13.Bh6 Ne4 14.Nxe4 Bxe4 15.Bxg7 Kxg7
16.Rfd1 Qb6 17.Rac1 Rfd8 18.Qf4 Bf5 19.h4 Nb4 20.Nd4 Bd7 21.Qe3 Qc5 22.Qxe7 Nxa2
23.Ra1 Nc3 24.Rd3 Qe5 25.Qxe5+ dxe5 26.Rxc3 exd4 27.Rd3 Bg4 28.Kf1 b5 29.c5 Rbc8
30.b4 Re8 31.Rd2 Re6 32.f3 Bf5 33.g4  1-0

[Event "WY GU16 2012"]
[Site "Maribor SLO"]
[Date "2012.11.10"]
[Round "3.45"]
[White "Hansen,Erl"]
[Black "Bernik,A"]
[Result "1-0"]
[WhiteElo "1846"]
[BlackElo "1680"]

1.d4 Nf6 2.Nf3 g6 3.c4 Bg7 4.g3 d6 5.Bg2 O-O 6.O-O c6 7.Nbd2 Bf5 8.Nh4 Be6
9.e4 Qb6 10.Nhf3 Bh6 11.Qc2 Na6 12.a3 c5 13.d5 Bd7 14.b3 Qc7 15.Bb2 Bg7 16.Bc3 b5
17.cxb5 Bxb5 18.Nc4 Qd7 19.Rfd1 Bxc4 20.bxc4 Rab8 21.e5 Ne8 22.Re1 Nac7 23.Rab1 Rxb1
24.Rxb1 Na6 25.Rb3 Qa4 26.Bf1 Nec7 27.Qb2 Ra8 28.Rb7 Qd7 29.e6 Bxc3 30.exf7+ Kxf7
31.Ng5+ Kg8 32.Qxc3 Qe8 33.Qa5 Qc8 34.Rb3 h6 35.Bh3 Qe8 36.Ne6 Rb8 37.Rf3 Qd7
38.Qc3 Rb1+ 39.Kg2 Ne8 40.Rf8+  1-0

[Event "WY BU18 2012"]
[Site "Maribor SLO"]
[Date "2012.11.10"]
[Round "3.25"]
[White "Mejak,Severin"]
[Black "Apryshko,G"]
[Result "0-1"]
[WhiteElo "2071"]
[BlackElo "2328"]

1.d4 Nf6 2.c4 g6 3.Nf3 Bg7 4.g3 O-O 5.Bg2 d6 6.O-O Nbd7 7.Nc3 e5 8.e4 c6
9.h3 Qa5 10.Be3 exd4 11.Nxd4 Nb6 12.Nb3 Qb4 13.c5 Nc4 14.a3 Nxe3 15.fxe3 Qc4
16.cxd6 Be6 17.Nd4 Qc5 18.Nxe6 fxe6 19.Qd4 Nd7 20.Qd2 Rxf1+ 21.Bxf1 Rf8 22.Be2 Bh6
23.Nd1 Qe5 24.Kh2 Nc5 25.Qd4 Qxd4 26.exd4 Nb3 27.Rb1 Nxd4 28.Bc4 Bg7 29.Kg2 Rd8
30.Nc3 b5 31.Ba2 Be5 32.Rd1 Rxd6 33.b4 Kf7 34.Nb1 Ke7 35.Nd2 Nc2 36.Kf2 Bc3
37.Ke2 Rxd2+ 38.Rxd2 Bxd2 39.Kxd2 Nxa3 40.e5 Nc4+ 41.Bxc4 bxc4 42.Kc3 Kd7
43.Kxc4 Kc7 44.Kc5 g5 45.h4 g4 46.h5 h6 47.Kd4 Kb6 48.Ke4 c5  0-1

[Event "WY GU16 2012"]
[Site "Maribor SLO"]
[Date "2012.11.12"]
[Round "6.13"]
[White "Khademalsharieh,S"]
[Black "Lasya,G"]
[Result "1/2-1/2"]
[WhiteElo "2303"]
[BlackElo "1961"]

1.d4 Nf6 2.Nf3 g6 3.c4 Bg7 4.g3 O-O 5.Bg2 d6 6.O-O Nc6 7.Nc3 a6 8.Re1 Rb8
9.Rb1 Na5 10.Qd3 b5 11.cxb5 axb5 12.b4 Nc4 13.a4 d5 14.Nh4 bxa4 15.Nxa4 Ba6
16.Bg5 Bb5 17.Nc5 Nd6 18.Qc2 c6 19.Nf3 Nh5 20.Bh3 h6 21.Bc1 Nf6 22.Ne5 Nfe4
23.Ncd3 Ng5 24.Bg2 Ne6 25.Be3 Ne4 26.f3 Nd6 27.Bh3 Nc4 28.Bxe6 Nxe3 29.Qc1 Nc4
30.Bh3 Qb6 31.Nc5 Nxe5 32.dxe5 e6 33.Qe3 Rbd8 34.Qd4 Qc7 35.f4 Ra8 36.Ra1 Rxa1
37.Qxa1 Qb6 38.Kf1 Qc7 39.Qa3 Rd8  1/2-1/2

[Event "WY BU14 2012"]
[Site "Maribor SLO"]
[Date "2012.11.12"]
[Round "6.20"]
[White "Petrosyan,M"]
[Black "Filipets,Egor"]
[Result "1-0"]
[WhiteElo "2281"]
[BlackElo "2021"]

1.d4 Nf6 2.Nf3 g6 3.c4 Bg7 4.g3 O-O 5.Bg2 d6 6.Nc3 Nc6 7.d5 Na5 8.Nd2 c5
9.O-O a6 10.Rb1 Rb8 11.b3 b5 12.Bb2 Bh6 13.Ba1 e5 14.dxe6 Bxe6 15.cxb5 axb5
16.Nde4 Ne8 17.Nd5 f5 18.Nef6+ Nxf6 19.Nxf6+ Rxf6 20.Bxf6 Qxf6 21.Qxd6 Re8
22.Qxc5 Bf7 23.Qxb5 Re5 24.Qb8+ Re8 25.Qc7 Qa6 26.Rbd1 Bf8 27.Rd8 Rxd8 28.Qxd8 Nc6
29.Qf6 Nb4 30.Qxa6 Nxa6 31.Rd1 Nb4 32.Rd2 Na6 33.Bd5 Nc5 34.b4 Na4 35.a3 Nc3
36.Bxf7+ Kxf7 37.Rd3 Na4 38.Rd7+ Ke6 39.Rxh7 Nc3 40.Kf1 Be7 41.h4 Nb1 42.b5 Nd2+
43.Kg2 Bc5 44.Rg7 Ne4 45.Rxg6+ Kd5 46.f3 Nd6 47.a4 f4 48.gxf4 Nf5 49.e4+  1-0

[Event "WY GU18 2012"]
[Site "Maribor SLO"]
[Date "2012.11.14"]
[Round "7.5"]
[White "Aranaz Murillo,A"]
[Black "Saranya,J"]
[Result "1-0"]
[WhiteElo "2244"]
[BlackElo "2166"]

1.d4 Nf6 2.Nf3 g6 3.g3 Bg7 4.c4 d6 5.Bg2 O-O 6.O-O c6 7.Nc3 Qa5 8.e4 Bg4
9.h3 Bxf3 10.Bxf3 e5 11.d5 c5 12.Bd2 Qc7 13.Rb1 Ne8 14.b4 Nd7 15.Be3 cxb4
16.Rxb4 b6 17.Nb5 Qd8 18.Qa4 f5 19.Qa3 f4 20.Bd2 Nc5 21.Rbb1 Bh6 22.Kg2 Nf6
23.Bb4 Nfxe4 24.Bxe4 Nxe4 25.Nxd6 Ng5 26.h4 a5 27.Bc3 Nf3 28.Kxf3 fxg3+ 29.Kg2 gxf2
30.Bxe5 Bf4 31.Qh3  1-0

[Event "WY BU14 2012"]
[Site "Maribor SLO"]
[Date "2012.11.14"]
[Round "7.60"]
[White "Redman,David J"]
[Black "Gamage,Chathulanka"]
[Result "0-1"]
[WhiteElo "1831"]
[BlackElo "1663"]

1.d4 Nf6 2.c4 g6 3.Nf3 Bg7 4.g3 O-O 5.Bg2 d6 6.Nc3 Nc6 7.O-O a6 8.e4 Rb8
9.a4 Nd7 10.Be3 Na5 11.Qe2 c5 12.Rad1 cxd4 13.Bxd4 Nc6 14.Bxg7 Kxg7 15.Nh4 Qa5
16.Nd5 Nc5 17.b4 Nxb4 18.Qb2+ f6 19.Nxb4 Qxa4 20.Nd5 Qe8 21.f4 e5 22.fxe5 dxe5
23.Qb6 Qc6 24.Rb1 Bd7 25.Nxf6 Rxf6 26.Rxf6 Kxf6 27.Qa5 b6 28.Qc3 Qd6 29.Nf3 Re8
30.Qb2 b5 31.cxb5 Bxb5 32.h4 Kg7 33.Qa2 Rf8 34.Qb2 Re8 35.Qa2 Nxe4 36.Kh2 Nxg3
37.Ng5 Qf6 38.Rb3 Nh5 39.Rf3 Nf4 40.Qf2 Bc6 41.Qa2 Bxf3 42.Bxf3 h6 43.Nh3 Nxh3
44.h5 Qxf3 45.Qxa6 Nf4 46.Qa7+ Kh8 47.Qa2  0-1

[Event "WY GU16 2012"]
[Site "Maribor SLO"]
[Date "2012.11.15"]
[Round "8.9"]
[White "Khademalsharieh,S"]
[Black "Kostitsina,L"]
[Result "1-0"]
[WhiteElo "2303"]
[BlackElo "2015"]

1.d4 Nf6 2.Nf3 g6 3.c4 Bg7 4.g3 O-O 5.Bg2 d6 6.O-O Nc6 7.Nc3 a6 8.d5 Na5
9.b3 c5 10.dxc6 Nxc6 11.Bb2 Bd7 12.Qc1 Rc8 13.Rd1 b5 14.Nd5 Nxd5 15.Bxg7 Kxg7
16.cxd5 Na5 17.Qb2+ Kg8 18.Qd2 f5 19.Qh6 Rf7 20.Ng5 Rg7 21.Rd4 Rc2 22.Rh4 e5
23.dxe6 Qf6 24.Rd1 Bxe6 25.Nxe6 Re7 26.Bd5 Rxe6 27.Bxe6+ Qxe6 28.Qxh7+ Kf8
29.Qh8+  1-0

[Event "22nd World Seniors Open"]
[Site "Kamena Vourla GRE"]
[Date "2012.11.16"]
[Round "4.15"]
[White "Zhelesny,S"]
[Black "Malmdin,N"]
[Result "1/2-1/2"]
[WhiteElo "2127"]
[BlackElo "2296"]

1.d4 Nf6 2.Nf3 g6 3.c4 Bg7 4.g3 O-O 5.Bg2 d6 6.O-O c6 7.Nc3 Bf5 8.Re1 Qc8
9.Bg5 h6 10.Bxf6 Bxf6 11.e4 Bg4 12.Qd2  1/2-1/2